Quizzes
Events
Quiz Creation
Community
Videos
Private Events
Remove Ads
Sign In
Join for FREE
Feedback
Dark Mode
Quiz Categories
Sports
Geography
Music
Movies
Television
Just For Fun
Miscellaneous
History
Literature
Language
Science
Gaming
Entertainment
Religion
Holiday
For Kids
Quiz Lab
Recent
Popular Today
Quiz Kudos Today
Editor Picks
Curator Picks
Quizzes by...
Day
Popularity
Type
Ratings
Length
Year
Community
Subscriptions
Recent Discussions
Orange Saloon
Badges
Playlists
Quests
Create
Leaderboards
Showdown
Live 5
Trivia Bingo
Activity
Puzzle Library
Sporcle Events
Private Events
Virtual Trivia
Globe League
Become a Host
Pub Owners
SporcleCon
Opinionation
Our Games
Videos
Blog
Mobile Apps
Partnerships
Remove Ads and Go Orange
Feedback
Miscellaneous
Crossword
General Knowledge
Baby Names
Logo
Food
Cars
Numbers
Grab Bag
University
College
Popular
Company
Slogans
Restaurants
Justice
Letter
Miscellaneous
Crossword
General Knowledge
Baby Names
Logo
Food
Cars
Numbers
Grab Bag
University
College
Popular
Company
Slogans
Restaurants
Justice
Letter
Random Quiz
Search Sporcle
×
Quiz Lab
Quiz Lab
Miscellaneous
classification
Type in answers that appear in a list
Type in answers that appear in a list
Classic
Best Score? Go Orange.
Tattoo types Stats
Can you name the tattoos subclasses that are used as soft biometrics?
By
Armos
5m
70 Questions
67 Plays
67 Plays
67 Plays
Comments
Comments
Give Quiz Kudos
Give Quiz Kudos
-
- Ratings
hide this ad
Replay
Link that replays current quiz
Next Quiz
Link to next quiz in quiz playlist
You Got
0%
They Got
Avg Score
11%
Avg Friend Score
Upgrade to see
Score Distribution
Jump to the score distribution portion of the page
Score
0/70
Timer
05:00
0
Plays Today
Class
Subclass
% Correct
Plant
Rose
61.2%
Animal
Vicious Animals (Lions, Tigers, etc.)
59.7%
Animal
Dogs & Dog Heads
53.7%
Animal
Cats & Cat Heads
49.3%
Animal
Birds (Cardinal, Hawk, etc.)
46.3%
Flags
American Flag
38.8%
Animal
Dragons
34.3%
Animal
Snakes
32.8%
Animal
Spiders, Bugs, and Insects
28.4%
Human
Skulls
23.9%
Plant
Lily
23.9%
Animal
Horses (Donkeys, Mules, etc.)
20.9%
Plant
Tulip
20.9%
Plant
Drawings of Flowers
16.4%
Objects
Cars, Trucks, and Vehicles
16.4%
Other
Wording (Mom, Dad, Mary, etc.)
14.9%
Plant
Narcotics
11.9%
Objects
Water & Nature Scenes (Rivers, Sky, Trees, etc.)
11.9%
Flags
British Flag
10.4%
Objects
Fire
10.4%
Objects
Weapons (Guns, Arrows, etc.)
10.4%
Objects
Mythical (Unicorns, etc.)
10.4%
Human
Sports Figures (Football Player, Skier, etc.)
9%
Objects
Boats, Ships, and Other Vessels
9%
Objects
Sporting Objects (Football, Ski, Hurdles, etc.)
9%
Objects
Airplanes
7.5%
Human
Male Face
6%
Human
Female Face
6%
Human
Male Body
6%
Human
Female Body
6%
Animal
Animal Parts
6%
Flags
Confederate Flag
6%
Human
Roles (Knight, Witch, man, etc.)
4.5%
Human
Male Body Parts
4.5%
Human
Female Body Parts
4.5%
Class
Subclass
% Correct
Animal
Other Domestic Animals
4.5%
Animal
Other Wild Animals
4.5%
Plant
Red Flowers
4.5%
Plant
Blue Flowers
4.5%
Plant
Yellow Flowers
4.5%
Symbol
Political Symbols
4.5%
Symbol
Gang Symbols
4.5%
Human
Abstract Face
3%
Human
Abstract Body
3%
Human
Abstract Body Parts
3%
Human
Miscellaneous Human Forms
3%
Animal
Abstract Animals
3%
Animal
Miscellaneous Animal Forms
3%
Plant
Miscellaneous Plants, Flowers, Vegetables
3%
Flags
State Flag
3%
Flags
Nazi Flag
3%
Flags
Miscellaneous Flags
3%
Objects
Miscellaneous Objects
3%
Abstract
Miscellaneous Abstract
3%
Symbol
National Symbols
3%
Symbol
Military Symbols
3%
Symbol
Miscellaneous Symbols
3%
Other
Miscellaneous Images
3%
Objects
Trains
1.5%
Abstract
Head Band
1.5%
Abstract
Figure(s)
0%
Abstract
Sleeve
0%
Abstract
Bracelet
0%
Abstract
Anklet
0%
Abstract
Necklace
0%
Abstract
Shirt
0%
Abstract
Body Band
0%
Symbol
Fraternal Symbols
0%
Symbol
Professional Symbols
0%
Other
Freeform Drawings
0%
Quiz Playlist
Details
Report
Send in Message
Add To Playlist
Classic:
Type in answers that appear in a list
Quiz Source
Last Updated: Feb 16, 2017
Quiz Scoreboard
CHALLENGE
Sign Up to Join the Scoreboard
Show All
Scores
Hide
Comments
May contain spoilers
Recently Published
Presidents Visiting Landmarks
by Hejman
History
7m
An Introduction to Baseball
by treessimontrees
Sports
5m
Movies - When Are They Set?
by FPL_Elf
Movies
5m
More to Explore
Quiz From the Vault
Featured Blog Post
Where Did the Easter Bunny Come From?
hide this ad
You Might Also Like...
Tags
classification
tattoo
Today's Top Quizzes in Miscellaneous
Browse Miscellaneous
hide this ad
Today's Top Quizzes in classification
Browse classification
Top Contributed Quizzes in Miscellaneous
1
5-to-1: Fast Food
2
The JOE quick-fire general knowledge quiz: Day 174
3
The JOE quick-fire general knowledge quiz: Day 173
4
The JOE quick-fire general knowledge quiz: Day 172
5
5-to-1: Cocktails
6
Sunday Crossword: Famous Bodies of Water
7
One Thing in Common: United Kingdom II
8
The JOE quick-fire general knowledge quiz: Day 171
9
Named After an Animal - Odd One Out!
10
The JOE quick-fire quiz: Day 170
Explore More
Trending Topics
Crossword
Harry Potter
NBA
Disney
Kpop
Anime
Marvel
Country
Song
NFL
Pokémon
The Office
Puzzle
Soccer
WWE
hide this ad
More By:
Armos
Quiz
Plays
Rating
Category
Featured
Created
FIFA World Cup 98: France squad
8,638
3.28
Sports
Mar 31, 2012
30 most populous metros in France
1,205
4.81
Geography
Nov 2, 2012
French Prime ministers
541
3.50
History
Jul 2, 2011
Tattoo types
67
1.00
Miscellaneous
Jul 29, 2011
Movie titles in France
48
3.50
Movies
Sep 24, 2013
Go to Creator's Profile
Score Distribution
Quiz Creator Spotlight
Armos
Follow
Send a Message
Quizzes Created
-
Created Quiz Play Count
-
More By This Creator
Popular Quizzes Today
1
Find the US States - No Outlines Minefield
2
Find the Countries of Europe - No Outlines Minefield
3
The Countries of the World
4
Find the US States
5
Popular People in 1961
6
US States
7
Risky Map Clicking: Biggest States A-Z
8
Movies - When Are They Set?
More Miscellaneous Quizzes
Picture Me!
Published
Trending Quizzes
Risky Map Clicking: Least Populous States A-Z
1-10 Letter G Words
1-10 Letter F Words
Risky Map Clicking: Next State Alphabetically
Risky Map Clicking: Biggest States A-Z
Recently Updated
Leaping Animals
pecheneg
Reality TV Shows (A-Z)
bhenderson79
Rickey Henderson's Hall of Fame Teammates
pecheneg
Champions League XIs: Arsenal
pecheneg
Quick Pick: Celebrities in WWE's Hall of Fame
aduchscher
A-Z Keypad Blitz II
pecheneg
Multiple Oscar Actors
pecheneg
Mystery Phrase Blitz: Oscar 'Best Actors'
pecheneg
F. Scott Fitzgerald Novels
LTH
Pick 3 Villains
ddd62291
Trending Topics
Crossword
Kpop
NBA
Marvel
Harry Potter
Disney
Anime
Puzzle
Country
Soccer
NFL
Pokémon
WWE
The Office
Song
Your Account Isn't Verified!
In order to create a playlist on Sporcle, you need to verify the email address you used during registration. Go to your
Sporcle Settings
to finish the process.
Report this User
Report this user for behavior that violates our
Community Guidelines
.
Details:
Send Report
Go to the Sporcle.com Mobile Site →
Comments